[Event "FRA-chTA U20 1011"]
[Site "France"]
[Date "2010.12.19"]
[Round "4.3"]
[White "Agussol, Lucas"]
[Black "Stark, Gabriel"]
[Result "0-1"]
[WhiteElo "1586"]
[BlackElo "1778"]
[PlyCount "98"]
[EventDate "2010.11.21"]
[EventType "team-tourn"]
[EventRounds "7"]
[EventCountry "FRA"]
[SourceTitle "EXT 2012"]
[Source "ChessBase"]
[SourceDate "2011.11.24"]
[SourceVersion "1"]
[SourceVersionDate "2011.11.24"]
[SourceQuality "1"]
[WhiteTeam "Montpellier"]
[BlackTeam "AECE"]
[WhiteTeamCountry "FRA"]
[BlackTeamCountry "FRA"]

1. Nf3 Nf6 2. d4 g6 3. Bg5 Bg7 4. Nbd2 0-0 5. e3 d6 6. Be2 Nbd7 7. c3 c5 8. e4 Rb8 9. 0-0 b5 10. e5 dxe5 11. dxc5 e4 12. Nd4 Qc7 13. Nxb5 Qxc5 14. Be3 Qf5 15. Nxa7 Rxb2 16. Nc4 Rb7 17. Nc6 Re8 18. Nd4 Qd5 19. Qa4 Nc5 20. Qc6 Bd7 21. Qxd5 Nxd5 22. Na5 Ra7 23. Ndc6 Nxe3 24. Nxa7 Nxf1 25. Bxf1 Bxc3 26. Rc1 Bxa5 27. Rxc5 Bb6 28. Rc4 Be6 29. Ra4 Ra8 30. Ra6 Bxa7 31. Be2 Bd5 32. Kf1 Bc5 33. Rxa8+ Bxa8 34. a4 Bb4 35. Bb5 Kg7 36. Ke2 Kf6 37. Ke3 Ke5 38. Be8 f5 39. Bf7 Bc6 40. Bb3 f4+ 41. Ke2 g5 42. h3 h5 43. g3 f3+ 44. Kf1 e6 45. g4 h4 46. Kg1 Bd5 47. Bc2 Ba5 48. Kf1 Kd4 49. Kg1 Kc3 0-1

[Event "FRA-chTA U20 1011"]
[Site "France"]
[Date "2010.11.21"]
[Round "3.3"]
[White "Agussol, Lucas"]
[Black "Baudry, Remi"]
[Result "1/2-1/2"]
[WhiteElo "1586"]
[BlackElo "1619"]
[PlyCount "92"]
[EventDate "2010.11.21"]
[EventType "team-tourn"]
[EventRounds "7"]
[EventCountry "FRA"]
[SourceTitle "EXT 2012"]
[Source "ChessBase"]
[SourceDate "2011.11.24"]
[SourceVersion "1"]
[SourceVersionDate "2011.11.24"]
[SourceQuality "1"]
[WhiteTeam "Montpellier"]
[BlackTeam "Hyeres"]
[WhiteTeamCountry "FRA"]
[BlackTeamCountry "FRA"]

1. Nf3 Nf6 2. d4 g6 3. Bg5 Ne4 4. Bf4 Bg7 5. e3 c5 6. c3 0-0 7. Bd3 Nf6 8. Nbd2 Qb6 9. Qb3 d6 10. dxc5 dxc5 11. Bc4 Nc6 12. Ng5 e6 13. Qxb6 axb6 14. Bc7 h6 15. Nge4 Nd7 16. Nd6 Ne7 17. Bb5 Nd5 18. Nxc8 Rfxc8 19. Bg3 Ne5 20. Bxe5 Bxe5 21. Nc4 Bc7 22. 0-0 Rd8 23. Rfd1 Nf6 24. a3 Rxd1+ 25. Rxd1 Kf8 26. Kf1 h5 27. Ke2 Ke7 28. h3 Rd8 29. Rxd8 Bxd8 30. f3 Nd5 31. e4 Nc7 32. a4 Nxb5 33. axb5 f6 34. b3 Bc7 35. g4 h4 36. Ke3 g5 37. Kd3 Kd7 38. Ke2 Bd8 39. Ke3 Kc7 40. f4 Be7 41. f5 e5 42. Nd2 Bd8 43. c4 Kd7 44. Nb1 Ke7 45. Nc3 Kf7 46. Nd5 Kg7 1/2-1/2